Naked heat / (Record no. 15553)
[ view plain ]
| 000 -LEADER | |
|---|---|
| fixed length control field | 01700cam a2200385 a 4500 |
| 001 - CONTROL NUMBER | |
| control field | 16479169 |
| 005 - DATE AND TIME OF LATEST TRANSACTION | |
| control field | 20170105102920.0 |
| 008 - FIXED-LENGTH DATA ELEMENTS--GENERAL INFORMATION | |
| fixed length control field | 100927s2010 nyu 000 f eng |
| 010 ## - LIBRARY OF CONGRESS CONTROL NUMBER | |
| LC control number | 2010039678 |
| 015 ## - NATIONAL BIBLIOGRAPHY NUMBER | |
| National bibliography number | GBB083983 |
| Source | bnb |
| 016 7# - NATIONAL BIBLIOGRAPHIC AGENCY CONTROL NUMBER | |
| Record control number | 015600681 |
| Source | Uk |
| 020 ## - INTERNATIONAL STANDARD BOOK NUMBER | |
| International Standard Book Number | 9781401324025 |
| 035 ## - SYSTEM CONTROL NUMBER | |
| System control number | (OCoLC)ocn665868583 |
| 040 ## - CATALOGING SOURCE | |
| Original cataloging agency | DLC |
| Transcribing agency | DLC |
| Modifying agency | YDX |
| -- | CGB |
| -- | JQW |
| -- | UKM |
| -- | BTCTA |
| -- | YDXCP |
| -- | UPZ |
| -- | T7B |
| -- | JZ6 |
| -- | ZPX |
| -- | ILC |
| -- | VP@ |
| -- | JAO |
| -- | FN4 |
| -- | IGP |
| -- | DLC |
| 043 ## - GEOGRAPHIC AREA CODE | |
| Geographic area code | n-us-ny |
| 050 00 - LIBRARY OF CONGRESS CALL NUMBER | |
| Classification number | PS3600.A1 |
| Item number | N36 2010 |
| 082 00 - DEWEY DECIMAL CLASSIFICATION NUMBER | |
| Classification number | 813/.6 |
| Edition number | 22 |
| 245 00 - TITLE STATEMENT | |
| Title | Naked heat / |
| Statement of responsibility, etc. | Richard Castle. |
| 250 ## - EDITION STATEMENT | |
| Edition statement | 1st ed. |
| 260 ## - PUBLICATION, DISTRIBUTION, ETC. | |
| Place of publication, distribution, etc. | New York : |
| Name of publisher, distributor, etc. | Hyperion, |
| Date of publication, distribution, etc. | [2010] |
| 300 ## - PHYSICAL DESCRIPTION | |
| Extent | 290 p. ; |
| Dimensions | 25 cm. |
| 490 0# - SERIES STATEMENT | |
| Series statement | Nikki Heat series ; |
| Volume/sequential designation | bk. 2 |
| 500 ## - GENERAL NOTE | |
| General note | Fictitiously attributed to Richard Castle, a character on the ABC television show, Castle. |
| 520 ## - SUMMARY, ETC. | |
| Summary, etc. | When New York's most vicious gossip columnist, Cassidy Towne, is found dead, NYPD Homicide Detective Heat uncovers a gallery of high profile suspects, all with compelling motives for killing the most feared muckraker in Manhattan. Heat's murder investigation is complicated by her surprise reunion with superstar magazine journalist Jameson Rook. |
| 650 #0 - SUBJECT ADDED ENTRY--TOPICAL TERM | |
| Topical term or geographic name entry element | Women detectives |
| Geographic subdivision | New York (State) |
| -- | New York |
| Form subdivision | Fiction. |
| 650 #0 - SUBJECT ADDED ENTRY--TOPICAL TERM | |
| Topical term or geographic name entry element | Journalists |
| Geographic subdivision | New York (State) |
| -- | New York |
| Form subdivision | Fiction. |
| 650 #0 - SUBJECT ADDED ENTRY--TOPICAL TERM | |
| Topical term or geographic name entry element | Man-woman relationships |
| Form subdivision | Fiction. |
| 650 #0 - SUBJECT ADDED ENTRY--TOPICAL TERM | |
| Topical term or geographic name entry element | Murder |
| General subdivision | Investigation |
| Geographic subdivision | New York (State) |
| -- | New York |
| Form subdivision | Fiction. |
| 651 #0 - SUBJECT ADDED ENTRY--GEOGRAPHIC NAME | |
| Geographic name | New York (N.Y.) |
| Form subdivision | Fiction. |
| 655 #7 - INDEX TERM--GENRE/FORM | |
| Genre/form data or focus term | Mystery fiction. |
| Source of term | gsafd |
| 730 0# - ADDED ENTRY--UNIFORM TITLE | |
| Uniform title | Castle (Television program) |
| 906 ## - LOCAL DATA ELEMENT F, LDF (RLIN) | |
| a | 7 |
| b | cbc |
| c | orignew |
| d | 1 |
| e | ecip |
| f | 20 |
| g | y-gencatlg |
| 942 ## - ADDED ENTRY ELEMENTS (KOHA) | |
| Source of classification or shelving scheme | |
| Koha item type | Book |
| Withdrawn status | Lost status | Damaged status | Not for loan | Collection code | Permanent Location | Current Location | Shelving location | Date acquired | Total Checkouts | Full call number | Barcode | Date last seen | Date last checked out | Price effective from | Koha item type |
|---|---|---|---|---|---|---|---|---|---|---|---|---|---|---|---|
| Central Library (CL) | Central Library (CL) | General Stacks | 10/01/2013 | 4 | 813.6 NAK 2010 | CIPS0001389 | 04/20/2023 | 11/30/2022 | 01/05/2017 | Book |
